000 00726nam a2200289Ia 4500
005 20260324120327.0
008 008 260324s9999 xx 000 0 eng d
020 _a9780429193958
037 _aEBOOK
040 _aCRL
040 _beng
040 _cCRL
041 _2eng
041 _aeng
084 _qCRL
100 _aDaniel J. Gaspar; Evgueni Polikarpov
_91158127
245 0 _aOLED Fundamentals
245 0 _bMaterials, Devices, and Processing of Organic Light-Emitting Diodes
260 _bTaylor and Francis
260 _c2015
365 _a
365 _b465
856 _uhttp://www.taylorfrancis.com/books/9780429193958
942 _cEBOOK
999 _c1749597
_d1749597